000 00862cam a2200217 a 4500
020 _a9812103740
040 _cTEF
082 0 4 _a341 MAR 2005 C158 Or.
245 0 0 _aPaths to regionalisation :
_bcomparing experiences in East Asia and Europe /
260 _aSingapore ;
_aNew York :
_bMarshall Cavendish Academic,
_c2005.
300 _axvii, 157 p. :
_bcol. maps ;
_c23 cm.
500 _a"... conference held in Paris in October 2003 by Centre asie ifri and De La Salle University (The Philippines) with the generous support of ASEF (Asia-Europe Foundation)."--Introd.
650 0 _aGlobalization
650 0 _aRegionalism (International organization)
650 0 _aInternational agencies
650 0 _aInternational agencies
700 1 _aBoisseau Du Rocher, Sophie.
700 1 _aFort, Bertrand.
710 2 _aAsia-Europe Foundation.
942 _cAEDBB
999 _c19010
_d19010